Dracula

Bibliographic Details
Format: Book
Published: London : Usborne Publishing Ltd , 2019
Subjects:

MARC

LEADER 00000cam a2200000 7i4500
001 0000242576
005 20210317154222.0
020 |a 9781474959971 
090 0 |a JF   |b DRA 
245 0 0 |a Dracula 
260 |a London :   |b Usborne Publishing Ltd ,   |c 2019 
300 |a 128p. :   |b ill. ;   |c 21cm. 
650 0 |a Children's stories 
999 |a 00380777   |b BUKU   |c PINJAMAN   |e MOBILE LIBRARY PKPJ